| 000 | 01090cam a2200277 4500 | ||
|---|---|---|---|
| 001 | J107436 | ||
| 008 | 000000n2000 000 0 eng u | ||
| 035 | _a(Sirsi) u107436 | ||
| 041 | _aeng | ||
| 050 |
_a346.4104343 _c18 |
||
| 100 |
_aMillet of St Marylebone, Peter Julian Millet _cBaron |
||
| 245 |
_a25th anniversary series Blundell lectures _btopical issues in property law - repudiation of leases |
||
| 260 |
_aLondon _bLaw Society _c2000 |
||
| 300 |
_a40p. _c30cm. |
||
| 350 | _a25 | ||
| 490 | _aBlundell Lectures | ||
| 505 | _aRepudiatory breach of contract and leases. | ||
| 505 | _aWhy leases are determinable by an accepted repudiation. | ||
| 520 | _aIn this paper Lord Millett speaks for the proposition that the contractural doctrine of repudiatory breach of contract forms no part of landlord and tenant law and Sir David Neuberger speaks against the proposition. | ||
| 650 | _aBREACH OF CONTRACT | ||
| 650 | _aREPUDIATION OF LEASE | ||
| 650 | _aLEASES | ||
| 690 | _aLANDLORD AND TENANT-LEASES | ||
| 700 |
_aNeuberger, David Edmond _cSir _d1948- |
||
| 942 | _n0 | ||
| 999 |
_c100696 _d100696 |
||